| 000 | 00527nam a2200193Ia 4500 | ||
|---|---|---|---|
| 008 | 220216s9999 xx 000 0 und d | ||
| 100 | _aCoomarasamy A | ||
| 245 | 0 | _aCommercial manufacture and uses of cyclised rubber | |
| 260 |
_bRubber Research Institute of Sri Lanka Bulletin _c1978 |
||
| 300 | _a14-Jul | ||
| 650 | _aCyclised rubber | ||
| 650 | _aNatural rubber | ||
| 650 | _aReinforcing filler | ||
| 700 | _aKurera S | ||
| 700 | _aNadarajah M | ||
| 700 | _aSilva L B K | ||
| 700 | _aSurendakumar R | ||
| 942 | _cJS | ||
| 999 |
_c55882 _d55882 |
||